000 00578nam a2200217Ia 4500
003 OSt
005 20220928145029.0
006 a|||||r|||| 00| 0
007 ta
008 220927b |||||||| |||| 00| 0 eng d
024 _a78353
037 _cTextual
040 _aSDCL
_cSDCL
_beng
041 _2eng
_aeng
082 _aV2:28'M, C4
100 _aChesney George
_9511307
245 0 _aIndian polity
_b The system of administration in India.Ed3. Repr 1976.
260 _c1894
942 _hV2:28'M, C4
_cTEXL
_2CC
999 _c831569
_d831569